[Event "EU-ch U16"]
[Site "Budva"]
[Date "2003.09.21"]
[Round "8"]
[White "Dimovski, Nebojsa"]
[Black "Skoberne, Jure"]
[Result "0-1"]
[WhiteElo "2100"]
[BlackElo "2089"]
[PlyCount "52"]
[EventDate "2003.09.13"]
[EventType "swiss"]
[EventRounds "9"]
[EventCountry "YUG"]
[SourceTitle "CBM 096 Extra"]
[Source "ChessBase"]
[SourceDate "2003.10.22"]
[SourceVersion "2"]
[SourceVersionDate "2003.10.20"]
[SourceQuality "1"]

1. e4 g6 2. d4 Bg7 3. Nf3 d6 4. Nc3 Nf6 5. Be2 0-0 6. 0-0 c6 7. h3 Qc7 8. Be3 e5 9. dxe5 dxe5 10. Bd3 Nbd7 11. Qe2 Re8 12. Nd2 Nh5 13. Qf3 Nf8 14. Ne2 Ne6 15. c3 Nhf4 16. Bxf4 exf4 17. Nb3 Be5 18. Ned4 Ng5 19. Qe2 c5 20. Bb5 cxd4 21. Bxe8 f3 22. gxf3 Nxh3+ 23. Kh1 Nf4 24. Qb5 Qe7 25. Rfd1 Qh4+ 26. Kg1 Nh3+ 0-1

[Event "EU-ch U16"]
[Site "Budva"]
[Date "2003.09.13"]
[Round "1"]
[White "Zinchenko, Yaroslav"]
[Black "Dimovski, Nebojsa"]
[Result "1-0"]
[WhiteElo "2322"]
[BlackElo "2100"]
[PlyCount "45"]
[EventDate "2003.09.13"]
[EventType "swiss"]
[EventRounds "9"]
[EventCountry "YUG"]
[SourceTitle "CBM 096 Extra"]
[Source "ChessBase"]
[SourceDate "2003.10.22"]
[SourceVersion "2"]
[SourceVersionDate "2003.10.20"]
[SourceQuality "1"]

1. e4 e5 2. Nf3 Nc6 3. Bb5 f5 4. Bxc6 bxc6 5. Qe2 d6 6. 0-0 Nf6 7. Nc3 Be7 8. d4 fxe4 9. Nxe4 Bg4 10. dxe5 dxe5 11. h3 Bxf3 12. Qxf3 0-0 13. Rd1 Nd5 14. Qg3 Bd6 15. c4 Nf4 16. Bxf4 exf4 17. Qf3 c5 18. Nxc5 Qe7 19. Re1 Qf7 20. Ne6 Rfe8 21. c5 Rac8 22. Ng5 Qg6 23. Qd5+ 1-0